Psicología de la personalidad

Kaydedildi:
Detaylı Bibliyografya
Yazar: Bertocci, P. A (Yazar)
Materyal Türü: Kitap
Dil:İspanyolca
Baskı/Yayın Bilgisi: Buenos Aires Paidos 1966
Seri Bilgileri:Biblioteca del hombre contemporáneo
Konular:
Etiketler: Etiketle
Etiket eklenmemiş, İlk siz ekleyin!

MARC

LEADER 00000nam a2200000 a 4500
001 UCY4055
003 CL-VaPUC
008 950126e19660000AG |||||||||||||||||spa|d
082 0 4 |a 155.2  |b BER  |2 21 
100 0 |a Bertocci, P. A  |e author  |9 332456 
245 1 0 |a Psicología de la personalidad 
300 |a 248 p 
942 |c BK 
945 |d 19950126 00:00:00  |a rbrito 
260 |a Buenos Aires  |b Paidos  |c 1966 
650 0 |a Personalidad   |9 307255 
650 7 |a EGO PSICOLOGIA  |2 CL-VaPUC  |9 332457 
583 |a last modification  |c 20181001 01:11:50  |k Rodrigo Vera 
490 0 |a Biblioteca del hombre contemporáneo 
999 |c 232026  |d 232024 
952 |0 0  |1 0  |4 0  |6 155_200000000000000_BER_1966  |7 0  |8 P  |9 235998  |a BIBEDU  |b BIBEDU  |c BIBEDU_PB  |d 2019-11-15  |i 3058506  |o 155.2 BER 1966  |p 3058506  |r 2024-01-25  |w 2019-11-15  |y BK  |k EDU 
952 |0 0  |1 0  |4 0  |6 155_200000000000000_BER_1966  |7 0  |8 P  |9 235999  |a BIBEDU  |b BIBEDU  |c BIBEDU_PB  |d 2019-11-15  |i 3058514  |o 155.2 BER 1966  |p 3058514  |r 2024-01-25  |w 2019-11-15  |y BK  |k EDU 
952 |0 0  |1 0  |4 0  |6 155_200000000000000_BER_1966  |7 0  |8 P  |9 236000  |a BIBEDU  |b BIBEDU  |c BIBEDU_PB  |d 2019-11-15  |i 4147022  |o 155.2 BER 1966  |p 4147022  |r 2024-01-25  |w 2019-11-15  |y BK  |k BME